| 000 | 00521nam a2200193Ia 4500 | ||
|---|---|---|---|
| 008 | 240729s9999 xx 000 0 und d | ||
| 022 | _a1477-3155 | ||
| 245 | 0 | _aJournal of Nanobiotechnology | |
| 260 | _aUnited Kingdom | ||
| 260 | _bBMC | ||
| 650 | _a Biotechnology | Medicine | ||
| 650 | _a Chemical technology | ||
| 650 | _a Medical technology | ||
| 650 | _a Medicine (General) | ||
| 650 | _aTechnology | ||
| 856 | _uhttps://doaj.org/toc/6cd80e9fb8ff4a1ba74f7d8ae0835f81 | ||
| 942 | _2ddc | ||
| 942 | _cDOAJEJ | ||
| 999 |
_c74336 _d74336 |
||
| 945 |
_a1 _bMadushi Gamage _c1 _dMadushi Gamage |
||